Слугинята на управителя (Запис номер 190867)
[ съкратено ]
| 000 -Лидер | |
|---|---|
| Контролно поле с фиксирана дължина | nam a22 a 4500 |
| 003 - Код на организацията, давaща контролен номер | |
| Контролно поле | BLK |
| 005 - Дата и час на последна редакция | |
| Контролно поле | 20230405132425.0 |
| 008 - Елементи от данни с фиксирана дължина | |
| fixed length control field | 180411b bul|||||r ||||||| ||bul|| |
| 010 ## - Наследен системен номер | |
| LC control number | KNG00200017000 |
| 040 ## - Източник на каталожния запис | |
| Идентификатор на билиотеката - собственик на записа | BLK |
| 041 ## - Код за език | |
| Код за езика на текст/звукозапис или на отделно заглавие | Български |
| Код за езика КДБФ | Български |
| 080 ## - УДК | |
| Текстов определител УДК | Немска литература |
| УДК код - определител по УДК | 821.112.2 |
| УДК определител | -31 |
| УДК - код + определител | 821.112.2-31 |
| 100 1# - Редна дума - Автор | |
| Автор | Марлит, Йожени |
| Авторска отговорност | първи автор |
| R(LIN) | 307788 |
| 139 ## - Редно поле | |
| Редна дума | Марлит, Йожени |
| Авторски знак | Марк - М 32 |
| 245 10 - Сведения за заглавието | |
| Заглавие | Слугинята на управителя |
| Подзаглавни данни | Роман |
| Редно поле (дума) | Йожени Марлит; прев. Н. Е. Бюлев; * Любен Асенов Велчев. |
| 250 ## - Област на изданието | |
| Сведения за изданието | 2. изд. |
| 257 ## - Страна на издаване | |
| Страна на създаване/издаване | Германия |
| 260 ## - Област на издателските данни | |
| Място на издаване, разпространение и проч. | Пловдив |
| Име на издателя, разпространителя и проч. | БОИВЕСТ |
| Година на издаване | 1992 |
| 300 ## - Физическа характеристика | |
| Страници | 159 с. |
| Размери/Мащаб | 20 см |
| 380 ## - Жанр | |
| Жанр | Худож. лит. |
| 490 ## - СЕРИИ (Колекции) | |
| Име на серия | Библиотека Ретро |
| №: серия | 14 |
| 9 (RLIN) | 202137 |
| 500 ## - Общи забележки | |
| Забележка | Без сведение за ориг. загл. - Ез. на прев. неустановен. - Н. Е. Бюлев - псевд. на прев. Любен Велчев. - 1. изд. 1939 със загл. Струните на сърцето, изд. на печ. Добринов в Библ. Българка. Безпл. прил. на сп. Българка ; № 2. |
| 700 1# - Други автори (авторска отговорност) | |
| Лично име | Бюлев, Н. Е. |
| Автороска отговорност (Описва отношението между автора и произведението) | прев. |
| 9 (RLIN) | 380880 |
| 700 1# - Други автори (авторска отговорност) | |
| Лично име | Велчев, Любен Асенов |
| Автороска отговорност (Описва отношението между автора и произведението) | * |
| 9 (RLIN) | 380881 |
| 852 ## - Местоположение | |
| Форматна сигнатура | Цб 172263 |
| Фондова буква | Хранилище |
| 856 4# - Електронен адрес и достъп | |
| Електронен формат | pdf - файл |
| Инструкция (цена за достъп) | 0.00 |
| Права за достъп | disable |
| 856 4# - Електронен адрес и достъп | |
| Електронен формат | pdf - файл |
| Инструкция (цена за достъп) | 0.00 |
| Права за достъп | disable |
| 999 ## - СИСТЕМНИ КОНТРОЛНИ НОМЕРА | |
| Koha biblionumber | 190867 |
| Koha biblioitemnumber | 190867 |
| 942 ## - АРТИКУЛИ | |
| Вид на библиотечния материал | Книги |
| Скрит в OPAC | Не |
| Периодичен библиозапис | Да |
| 944 ## - СЪЗДАВАНЕ И РЕДАКЦИЯ на ЗАПИСА | |
| Създаване/Редакция | Създаване |
| Дата на регистрацията/редакция | 06.02.2017 |
| Служител, извършил регистрацията/редакцията | Кети_Илиева |
| 944 ## - СЪЗДАВАНЕ И РЕДАКЦИЯ на ЗАПИСА | |
| Създаване/Редакция | Редакция |
| Дата на регистрацията/редакция | 06.02.2017 |
| Служител, извършил регистрацията/редакцията | Кети_Илиева |
| 999 ## - СИСТЕМНИ КОНТРОЛНИ НОМЕРА | |
| Koha biblioitemnumber | 190867 |
| Код за отписване | Код за изгубен артикул | Източник на класификационната схема | Код за повреда | Коз за рестрикции | Код за отдаване | Артикулен № | Име на библиотеката - собственик | Име на библиотеката, в която се намира в момента | Статус (Текущо местоположение) | Дата на вписване в системата | Местоположение - отдел | Цена в лева | Инвентарен номер | Систематично азбучна сигнатура | Баркод | Номер на екземпляра | Цена в евро | Служебна бележка | Служебен тип на артикула |
|---|---|---|---|---|---|---|---|---|---|---|---|---|---|---|---|---|---|---|---|
| Не е изгубен | Universal Decimal Classification | Не е повреден | без рестрикции | ползва се в читалня | 335562 | Регионална библиотека "Любен Каравелов" Русе | Регионална библиотека "Любен Каравелов" Русе | Хранилище | 1992-01-01 | Хранилище | 0.42 | 576911 | Цб 172263 | 120000576911 | 1 | 0.21 | Вид: Сф Дата: 01.01.1992 | Книги | |
| Изтеглен | Не е изгубен | Universal Decimal Classification | Не е повреден | без рестрикции | заемане за дома | 335563 | Регионална библиотека "Любен Каравелов" Русе | Регионална библиотека "Любен Каравелов" Русе | Заемна - подръчен фонд | 1992-01-01 | Заемна - подръчен фонд | 0.84 | 581750 | П 830-31/М 32 | 581750 | 2 | 0.43 | Вид: Сф Дата: 01.01.1992 | Книги |